[Event "34th Chess Olympiad (men)"]
[Site "Istanbul"]
[Date "2000.11.01"]
[Round "5.41.2"]
[White "Merrit, Mario"]
[Black "Soylu, Suat"]
[WhiteElo "2159"]
[BlackElo "2345"]
[WhiteCountry "TRI"]
[BlackCountry "TURA"]
[Result "1/2-1/2"]

1. c4 c5 2. Nc3 Nc6 3. Nf3 g6 4. e3 Bg7 5. d4 d6 6. h3 Nf6 7. d5 Na5 8. e4 O-O 
9. Be2 a6 10. a4 Nd7 11. Qc2 e5 12. Bd3 Nb6 13. b3 f5 14. Bd2 f4 15. Na2 Nd7 
16. b4 cb4 17. Bb4 Qc7 18. Nd2 Nc5 19. Nc1 Bd7 20. Qc3 b6 21. Bc5 bc5 
22. Ke2 Rab8 23. f3 Rb4 24. Bc2 Bf6 25. Nd3 Rbb8 26. Rab1 Nb7 27. Nb3 Bh4 
28. Rb2 Ra8 29. Nd2 Bd8 30. Rhb1 Ra7 31. Rb3 Qc8 32. R3b2 Bc7 33. Bd1 Na5 
34. Nb3 Nb3 35. Qb3 Qd8 36. Kd2 Bc8 37. Kc1 h5 38. Qc2 Ba5 39. Rb8 Rh7 
40. Ra8 Bc7 41. Qf2 Rhf7 42. Rb2 Qf6 43. Kb1 g5 44. Ka2 Qg6 45. Nc5 dc5 
46. Qc5 Bd6 47. Rb6 Bc5 48. Rg6+ Rg7 49. Rc6 Bb7 50. Rf8+ Bf8 51. Re6 Re7 
52. Rb6 Rd7 53. Rg6+ Rg7 54. Re6 Re7 55. Rb6 Rd7 56. Rg6+ Rg7 57. Rb6 
1/2-1/2

[Event "34th Chess Olympiad (men)"]
[Site "Istanbul"]
[Date "2000.11.01"]
[Round "5.41.3"]
[White "Gurcan, Selim"]
[Black "Yee, Frank"]
[WhiteElo "2295"]
[BlackElo "2169"]
[WhiteCountry "TURA"]
[BlackCountry "TRI"]
[Result "1-0"]

1. e4 e5 2. Nf3 Nc6 3. d4 ed4 4. Nd4 Nf6 5. Nc6 bc6 6. e5 Ne4 7. Qf3 Ng5 
8. Qg3 Be7 9. Bd3 d5 10. O-O h5 11. f4 h4 12. Qe1 Bc5+ 13. Be3 Be3+ 14. Qe3 Ne6 
15. Nd2 h3 16. g3 Qe7 17. Nb3 a5 18. f5 Qg5 19. Qe2 Nd8 20. Rf4 a4 21. Nc5 Qe7 
22. Qf2 Ra5 23. Na4 O-O 24. Re1 Re8 25. b3 c5 26. c4 Bb7 27. f6 gf6 
28. Rg4+ Kf8 29. Qf4 Qd7 30. Qh6+ Ke7 31. Qf6+ Kf8 32. Rh4 
1-0

[Event "34th Chess Olympiad (men)"]
[Site "Istanbul"]
[Date "2000.11.01"]
[Round "5.41.4"]
[White "Duncan, Leonard"]
[Black "Karadeniz, Emre"]
[WhiteElo "2000"]
[BlackElo "2278"]
[WhiteCountry "TRI"]
[BlackCountry "TURA"]
[Result "0-1"]

1. Nf3 d5 2. g3 Nc6 3. Bg2 e5 4. d3 Nf6 5. Nbd2 Be7 6. O-O O-O 7. e4 de4 
8. de4 Be6 9. c3 Nd7 10. b4 a5 11. b5 Na7 12. a4 f6 13. c4 Nc8 14. Qc2 Ncb6 
15. Rd1 Qe8 16. Bf1 Nc5 17. Ne1 Qf7 18. Nd3 Rfd8 19. Nc5 Bc5 20. Ba3 Qe7 
21. Bc5 Qc5 22. Qc3 Kf7 23. Nb3 Qb4 24. Qb4 ab4 25. Nc5 Rd1 26. Rd1 Na4 
27. Ne6 Ke6 28. Bh3+ Ke7 29. Rb1 Nc5 30. Rb4 Ra1+ 31. Kg2 b6 32. Bc8 Ra2 
33. Rb1 Ne4 34. Bf5 Rf2+ 35. Kg1 Rf5 
0-1

[Event "34th Chess Olympiad (men)"]
[Site "Istanbul"]
[Date "2000.11.01"]
[Round "5.42.1"]
[White "David, Alberto"]
[Black "Sosa, Luis"]
[WhiteElo "2487"]
[BlackElo "2166"]
[WhiteCountry "LUX"]
[BlackCountry "PUR"]
[Result "1-0"]

1. e4 d5 2. exd5 Nf6 3. Nf3 Qxd5 4. Nc3 Qa5 5. d4 Bg4 6. h3 Bh5 7. g4 Bg6 
8. Ne5 Nbd7 9. Nc4 Qa6 10. Bf4 Qe6+ 11. Ne3 c6 12. Bc4 Nd5 13. Nxd5 cxd5 
14. Bxd5 Qa6 15. Qe2 Qxe2+ 16. Kxe2 O-O-O 17. Rhd1 e6 18. Bf3 f6 19. Rac1 Nb8 
20. c4 Bd6 21. Bxd6 Rxd6 22. c5 Rd7 23. Nc4 Nc6 24. Nd6+ Kb8 25. Rc3 e5 
26. Bxc6 bxc6 27. dxe5 fxe5 28. Re3 Re7 29. f4 Bf7 30. Rxe5 Rxe5+ 31. fxe5 Bxa2 
32. b3 Ka8 33. e6 
1-0

[Event "34th Chess Olympiad (men)"]
[Site "Istanbul"]
[Date "2000.11.01"]
[Round "5.42.2"]
[White "Santa, Torres Juan"]
[Black "Mossong, Hubert"]
[WhiteElo "2226"]
[BlackElo "2213"]
[WhiteCountry "PUR"]
[BlackCountry "LUX"]
[Result "1-0"]

1. d4 d6 2. c4 e5 3. Nf3 e4 4. Nfd2 f5 5. e3 Nf6 6. Be2 c6 7. Nc3 d5 8. Qb3 a6 
9. c5 Be7 10. Nf1 Nbd7 11. Na4 O-O 12. Bd2 Qe8 13. Ba5 Qg6 14. g3 Bd8 
15. Bxd8 Rxd8 16. Rc1 Qf7 17. h4 Nf8 18. Nd2 Be6 19. Rc3 Qc7 20. Qb6 Qxb6 
21. Nxb6 Ra7 22. Nb3 a5 23. Na4 Ne8 24. Nd2 Nc7 25. Rb3 Kf7 26. O-O g6 
27. Kg2 h6 28. Nb6 Nd7 29. Nb1 Na6 30. Nxd7 Rxd7 31. Bxa6 Rxa6 32. Rc1 Kf6 
33. Nc3 Ra7 34. Ra3 Rd8 35. Na4 g5 36. hxg5+ hxg5 37. Rh1 Kg6 38. Nb6 Ra6 
39. Rh2 Rf8 40. Rc3 f4 41. exf4 Bg4 42. fxg5 Kxg5 43. Kf1 Kg6 44. Ke1 Re8 
45. Rh4 Kg5 46. Re3 Rf8 47. Rh7 Ra7 48. Rg7+ Kf5 49. f4 Bf3 50. Rg5+ Ke6 
51. Re5+ Kf7 52. Rf5+ Kg7 53. Rxf8 Kxf8 54. a4 
1-0

[Event "34th Chess Olympiad (men)"]
[Site "Istanbul"]
[Date "2000.11.01"]
[Round "5.42.3"]
[White "Wagener, Claude"]
[Black "Santa, Luis A"]
[WhiteElo "2210"]
[BlackElo "2201"]
[WhiteCountry "LUX"]
[BlackCountry "PUR"]
[Result "1/2-1/2"]

1. e4 e5 2. Nf3 Nf6 3. Nxe5 d6 4. Nf3 Nxe4 5. d4 d5 6. Bd3 Be7 7. O-O O-O 
8. c4 Nf6 9. h3 dxc4 10. Bxc4 Nbd7 11. Nc3 Nb6 12. Bd3 c6 13. Bf4 Be6 
14. Re1 Nbd5 15. Bh2 Bd6 16. Ne5 Qc7 17. Rc1 Nxc3 18. bxc3 c5 19. Kh1 c4 
20. Bb1 Bd5 21. Qc2 g6 22. Qd2 Kg7 23. f4 Nh5 24. Rf1 f5 25. Kg1 Nf6 26. Qe2 b5 
27. Bg3 Ne4 28. Be1 Qb7 29. Kh2 Rae8 30. Qb2 a6 31. Qe2 Qc7 32. Kg1 Qb7 
33. Kh2 Be7 34. Rc2 Bd8 35. Rg1 h5 36. g3 Ba5 37. Qe3 Nf6 38. Rf1 Be4 
39. Rb2 Qd5 40. Bxe4 Nxe4 41. Qf3 Bc7 
1/2-1/2

[Event "34th Chess Olympiad (men)"]
[Site "Istanbul"]
[Date "2000.11.01"]
[Round "5.42.4"]
[White "Montalvo, Alejandro"]
[Black "Brittner, Serge"]
[WhiteElo "2222"]
[BlackElo "2000"]
[WhiteCountry "PUR"]
[BlackCountry "LUX"]
[Result "1/2-1/2"]

1. d4 Nf6 2. c4 c5 3. d5 e5 4. Nc3 d6 5. e4 Be7 6. Bd3 O-O 7. h3 Ne8 8. Nf3 Nd7 
9. Be3 a6 10. a3 g6 11. g4 Rb8 12. b4 b6 13. Qd2 Ng7 14. Bh6 Nf6 15. Ke2 Kh8 
16. Rag1 Ng8 17. h4 f6 18. Bxg7+ Kxg7 19. g5 fxg5 20. Nxg5 Bxg5 21. Qxg5 Qf6 
22. Qxf6+ Nxf6 23. f3 Nh5 24. Ke3 Nf4 25. Bf1 h6 26. Ne2 cxb4 27. axb4 a5 
28. Nxf4 Rxf4 29. Be2 axb4 30. Rb1 Rf7 31. Rxb4 Kf6 32. Rhb1 Rfb7 33. R4b2 Bd7 
34. Bd3 Be8 35. Bf1 Bd7 36. Bd3 
1/2-1/2

[Event "34th Chess Olympiad (men)"]
[Site "Istanbul"]
[Date "2000.11.01"]
[Round "5.43.1"]
[White "Simutowe, Amon"]
[Black "Guillen, Ramirez Jose Antonio"]
[WhiteElo "2322"]
[BlackElo "2281"]
[WhiteCountry "ZAM"]
[BlackCountry "HON"]
[Result "1-0"]

1. d4 Nf6 2. c4 g6 3. Nc3 Bg7 4. Nf3 O-O 5. e4 d6 6. Be2 Bg4 7. h3 Bxf3 
8. Bxf3 Nc6 9. d5 Na5 10. Be2 Nd7 11. Bd2 c5 12. O-O a6 13. a4 e5 14. Ra3 b6 
15. Qc1 Qc7 16. g4 Nb7 17. Kg2 Rae8 18. h4 Nd8 19. Rh1 f5 20. exf5 gxf5 
21. gxf5 e4 22. Qc2 Nf6 23. h5 h6 24. Nd1 Qd7 25. Rg3 Kh7 26. Ne3 Nf7 
27. Rg6 Ne5 28. b4 Nxg6 29. hxg6+ Kg8 30. Rh4 Re5 31. bxc5 Rxf5 32. c6 Rg5+ 
33. Kf1 Qe8 34. Ng2 Qxg6 35. Bxg5 hxg5 36. Rh2 Qf5 37. Ne3 Qf4 38. Rg2 Nh7 
39. Kg1 Nf6 40. Qd2 a5 41. Nf1 Ne8 42. Bh5 Kh7 43. Rxg5 Qh4 44. Rg2 Be5 
45. Bg6+ Kh8 46. Ng3 e3 47. Qxe3 Bd4 48. Nf5 Bxe3 49. Nxh4 Bd4 50. Nf5 Be5 
51. f4 Bxf4 52. Rg4 Be5 53. Bxe8 Rxe8 54. c7 Kh7 55. Ne7 
1-0

[Event "34th Chess Olympiad (men)"]
[Site "Istanbul"]
[Date "2000.11.01"]
[Round "5.43.2"]
[White "Medina Colindres, Javier"]
[Black "Lungu, Nase"]
[WhiteElo "2000"]
[BlackElo "2200"]
[WhiteCountry "HON"]
[BlackCountry "ZAM"]
[Result "1/2-1/2"]

1. e4 e5 2. Nf3 Nc6 3. Bc4 Nf6 4. Ng5 d5 5. exd5 Nd4 6. d6 Qxd6 7. d3 Bg4 
8. f3 Be6 9. Nxe6 Nxe6 10. Nc3 Qb6 11. Bxe6 Qxe6 12. O-O Bc5+ 13. Kh1 O-O 
14. Qe2 Rfe8 15. Bg5 Nd5 16. Nxd5 Qxd5 17. Qe4 Qxe4 18. fxe4 f6 19. Bd2 Rac8 
20. g4 Be7 21. h4 h6 22. Be3 c5 23. Rad1 a6 24. b3 Kf7 25. Kg2 Ke6 26. Kf3 Rh8 
27. h5 Rc6 28. Rh1 b5 29. c4 bxc4 30. dxc4 a5 31. Ke2 a4 32. Kd3 Ra8 
33. Rb1 axb3 34. axb3 Rca6 35. Kc2 Kd7 36. Bd2 Ra2+ 37. Rb2 R2a3 38. Rbb1 Ra2+ 
39. Rb2 R2a3 40. Bc3 Bd8 41. Rbb1 Kc6 42. Ra1 Rxa1 43. Rxa1 Rxa1 44. Bxa1 Ba5 
45. Bc3 Bb4 46. Kd3 Kd6 47. Kc2 Kc6 48. Kd3 Kd6 49. Kc2 
1/2-1/2

[Event "34th Chess Olympiad (men)"]
[Site "Istanbul"]
[Date "2000.11.01"]
[Round "5.43.3"]
[White "Chumfwa, Stanley"]
[Black "Villanueva Marcio, Marcio"]
[WhiteElo "2200"]
[BlackElo "2000"]
[WhiteCountry "ZAM"]
[BlackCountry "HON"]
[Result "1-0"]

1. d4 d5 2. c4 c6 3. Nc3 Nf6 4. Nf3 e6 5. cxd5 exd5 6. Bg5 Bb4 7. Qc2 Qd6 
8. e3 Ne4 9. Bf4 Qg6 10. Ne5 Qf6 11. Bd3 Bf5 12. O-O Nd6 13. Nxd5 cxd5 
14. Bxf5 Nxf5 15. Qc8+ Qd8 16. Qxb7 O-O 17. Qxa8 Qa5 18. a3 Bd6 19. b4 Qd8 
20. Qxd5 Ne7 21. Qb7 f6 22. Nd3 Bxf4 23. Nxf4 Qd6 24. Qe4 
1-0

[Event "34th Chess Olympiad (men)"]
[Site "Istanbul"]
[Date "2000.11.01"]
[Round "5.43.4"]
[White "Marder Riveda, Martin"]
[Black "Phiri, Payani"]
[WhiteElo "2205"]
[BlackElo "2114"]
[WhiteCountry "HON"]
[BlackCountry "ZAM"]
[Result "0-1"]

1. d4 Nf6 2. c4 e6 3. Nc3 Bb4 4. a3 Bxc3+ 5. bxc3 O-O 6. Qc2 d6 7. e4 Nbd7 
8. Bd3 e5 9. Ne2 Re8 10. O-O c5 11. d5 Nf8 12. f4 exf4 13. Nxf4 Ng4 14. h3 Ne5 
15. Bd2 b6 16. Be2 Bd7 17. Rf2 Nfg6 18. Nxg6 Nxg6 19. Raf1 Ne5 20. Bf4 f6 
21. Bxe5 Rxe5 22. Rf4 Qe7 23. Bd3 Qe8 24. R1f3 Qg6 25. Qf2 Kh8 26. Kh2 Rf8 
27. Rh4 Qg5 28. Rhf4 Qh6 29. Qf1 Rh5 30. Qf2 Kg8 31. Bf1 Re5 32. Bd3 Rfe8 
33. Qg3 Rg5 34. Qf2 Ree5 35. Be2 Rg4 36. Rxf6 gxf6 37. Rxf6 Rg6 38. Rf4 Re8 
0-1

[Event "34th Chess Olympiad (men)"]
[Site "Istanbul"]
[Date "2000.11.01"]
[Round "5.44.1"]
[White "Gwaze, Robert"]
[Black "Olsen, Heini"]
[WhiteElo "2256"]
[BlackElo "2313"]
[WhiteCountry "ZIM"]
[BlackCountry "FAI"]
[Result "1-0"]

1. e4 e5 2. Nf3 Nc6 3. d4 exd4 4. c3 dxc3 5. Bc4 d6 6. O-O Nf6 7. Nxc3 Be7 
8. h3 O-O 9. Bb3 Be6 10. Bc2 Qd7 11. Kh2 Rad8 12. Qe2 Ne5 13. Nd2 Nc6 
14. Nf3 Ne5 15. Rd1 Nxf3+ 16. Qxf3 c6 17. Bf4 Qc7 18. Rac1 Nd7 19. Qe2 Rfe8 
20. Bg3 Bf8 21. Bb1 Qa5 22. f4 f6 23. Be1 Qc7 24. Qc2 Nb6 25. Bg3 Qf7 
26. f5 Bc8 27. a4 d5 28. Ba2 Kh8 29. Qb3 Qh5 30. a5 Nc4 31. exd5 cxd5 
32. Rxd5 Rxd5 33. Qxc4 Bd6 34. Nxd5 Bxg3+ 35. Kxg3 Bxf5 36. Kh2 Be6 37. Re1 Rc8 
38. Qe2 Qxe2 39. Rxe2 Bd7 40. Re7 Bc6 41. Rc7 Rd8 42. Ne7 
1-0

[Event "34th Chess Olympiad (men)"]
[Site "Istanbul"]
[Date "2000.11.01"]
[Round "5.44.2"]
[White "Naes, Flovin Tor"]
[Black "Kachere, Clever"]
[WhiteElo "2271"]
[BlackElo "2000"]
[WhiteCountry "FAI"]
[BlackCountry "ZIM"]
[Result "1/2-1/2"]

1. Nf3 d5 2. g3 Nf6 3. Bg2 c6 4. O-O Bg4 5. b3 Bxf3 6. Bxf3 e5 7. Bb2 Nbd7 
8. Bg2 Be7 9. d3 O-O 10. Nd2 Qb6 11. e4 Rfe8 12. Kh1 Rad8 13. f4 Bf8 
14. Qf3 Qc7 15. Rad1 d4 16. h3 c5 17. a4 a6 18. Bc1 b5 19. axb5 axb5 20. Rf2 g6 
21. Nf1 Bg7 22. g4 Re7 23. f5 gxf5 24. Qxf5 Nf8 25. Ng3 Ng6 26. Bg5 Rd6 
27. h4 Qd7 28. h5 Nxg4 29. Bxe7 Nxf2+ 30. Qxf2 Nxe7 31. Nf5 Rf6 32. Bh3 Nxf5 
33. Bxf5 Qc6 34. Ra1 Kf8 35. Kg2 Bh6 36. Kf1 Bg5 37. Ra7 h6 38. Ke2 c4 
39. bxc4 bxc4 40. Ra2 cxd3+ 41. cxd3 Qc1 42. Qg3 Kg7 43. Ra8 Qd2+ 44. Kf1 Qd1+ 
45. Kf2 Qh1 46. Rb8 Qxh5 47. Qxe5 Be3+ 48. Kg3 Qg5+ 49. Kf3 Qh5+ 50. Kg3 Qg5+ 
51. Kf3 Qg1 52. Qg3+ Qxg3+ 53. Kxg3 Rc6 54. e5 Rc5 55. Re8 f6 56. exf6+ Kf7 
57. Bd7 Kxf6 58. Rc8 Rc3 59. Rxc3 dxc3 60. Ba4 Ke5 61. Kf3 Kd4 62. Kg2 Bg5 
63. Bc2 Ke3 64. Ba4 Kxd3 65. Bb3 
1/2-1/2

[Event "34th Chess Olympiad (men)"]
[Site "Istanbul"]
[Date "2000.11.01"]
[Round "5.44.3"]
[White "Cochrane, John Miles"]
[Black "Simonsen, Olavur"]
[WhiteElo "2223"]
[BlackElo "2183"]
[WhiteCountry "ZIM"]
[BlackCountry "FAI"]
[Result "1/2-1/2"]

1. e4 e5 2. Nf3 Nc6 3. Bb5 f5 4. d3 d6 5. O-O Be7 6. Nc3 Nf6 7. Ng5 h6 
8. Nf3 fxe4 9. dxe4 Bg4 10. h3 Bh5 11. Be2 Bf7 12. Be3 Qd7 13. Qd2 g5 
14. Nh2 O-O-O 15. b4 Rdg8 16. b5 Nb8 17. Bxa7 g4 18. Nxg4 Be6 19. Nxf6 Bxf6 
20. Kh2 b6 21. Bxb8 Bg5 22. Qd3 Kxb8 23. Rg1 Rf8 24. Raf1 h5 25. Nd5 Rh7 
26. a4 Rhf7 27. f3 h4 28. a5 Bxd5 29. Qxd5 Bf4+ 30. Kh1 Rg7 31. axb6 Rg3 
32. bxc7+ Kxc7 33. Qc6+ Qxc6 34. bxc6 Be3 35. Bb5 Bxg1 36. Rxg1 Ra8 37. Bc4 Rb8 
38. Bd5 Rb2 39. Bb3 Kxc6 40. Rf1 Rg6 41. Kg1 Kc5 42. Kf2 Kb4 43. Rd1 Kc5 
44. Rg1 Rg7 45. Rd1 Ra7 46. f4 Ra3 47. Kf1 exf4 48. Rd5+ Kc6 49. Rd1 Rbxb3 
50. cxb3 Rxb3 51. Rd5 Re3 52. Rh5 Rxe4 53. Rxh4 Kd5 54. Kf2 Ke5 55. Rh5+ Kf6 
56. Kf3 Rd4 57. h4 Rd2 58. Rg5 Rd4 59. Rg8 Kf5 60. Rf8+ Ke5 
1/2-1/2

[Event "34th Chess Olympiad (men)"]
[Site "Istanbul"]
[Date "2000.11.01"]
[Round "5.44.4"]
[White "Nolsoe, Eydun"]
[Black "Mangwengwende, John"]
[WhiteElo "2226"]
[BlackElo "2170"]
[WhiteCountry "FAI"]
[BlackCountry "ZIM"]
[Result "1/2-1/2"]

1. e4 e5 2. Nf3 Nc6 3. d4 exd4 4. Nxd4 Nf6 5. Nc3 Bb4 6. Nxc6 bxc6 7. Bd3 d5 
8. exd5 cxd5 9. O-O O-O 10. Bg5 c6 11. Na4 h6 12. Bh4 Be6 13. c3 Bd6 
14. Qf3 Rb8 15. Rfe1 Re8 16. b3 g5 17. Bg3 Kg7 18. Bf5 Bxf5 19. Qxf5 Bxg3 
20. hxg3 Qd6 21. Rad1 Re6 22. Rxe6 fxe6 23. Qd3 Rf8 24. Qe3 Rf7 25. c4 e5 
26. cxd5 cxd5 27. Qc5 Qa6 28. Nc3 d4 29. Nb5 Nd7 30. Qd5 Qxa2 31. Rf1 Qc2 
32. Nd6 Re7 33. g4 Nf6 34. Qf3 e4 35. Nf5+ Kf8 36. Qh3 Rh7 37. Nxd4 Qd3 
38. Qxd3 exd3 39. Rd1 Nxg4 40. Rxd3 Re7 
1/2-1/2

[Event "34th Chess Olympiad (men)"]
[Site "Istanbul"]
[Date "2000.11.01"]
[Round "5.45.1"]
[White "Sarsam, Abdulla"]
[Black "Smith, Louis"]
[WhiteElo "2423"]
[BlackElo "2178"]
[WhiteCountry "IRQ"]
[BlackCountry "AHO"]
[Result "1-0"]

1. d4 g6 2. e4 Bg7 3. Nc3 d6 4. Be2 Nf6 5. g4 b6 6. Bf3 c6 7. h3 Bb7 
8. Be3 Nfd7 9. Qd2 c5 10. d5 h6 11. Be2 Ba6 12. f4 Bxe2 13. Qxe2 Qc8 
14. Nf3 Na6 15. O-O Nc7 16. a4 h5 17. g5 a6 18. Bf2 O-O 19. Bg3 b5 
20. axb5 Bxc3 21. bxc3 Nxb5 22. Qe3 Nb6 23. Kg2 Nc4 24. Qe2 Nb6 25. Qd3 c4 
26. Qe3 Nd7 27. Nd4 Nxd4 28. Qxd4 Qc5 29. Bf2 Qxd4 30. Bxd4 Rfb8 31. Ra2 a5 
32. Rfa1 Rb5 33. Ra4 Nc5 34. Bxc5 Rxc5 35. Kf3 e6 36. Rd1 Ra6 37. Ke3 Kf8 
38. Kd4 exd5 39. exd5 Ke7 40. Rb1 Ra7 41. Rbb4 Rac7 42. Rxc4 Kd7 43. Rxc5 Rxc5 
44. c4 Kc7 45. Ra3 Kb6 46. Rb3+ Ka6 47. Rb8 Rc7 48. Kc3 Rd7 49. Kb3 Re7 
50. Rd8 Re3+ 51. Ka4 Rxh3 52. Rxd6+ Kb7 53. Kxa5 Rc3 54. Kb5 h4 55. Rd7+ Kc8 
56. Rxf7 h3 
1-0

[Event "34th Chess Olympiad (men)"]
[Site "Istanbul"]
[Date "2000.11.01"]
[Round "5.45.2"]
[White "Mensing, Fabio"]
[Black "Ali, Mohammed"]
[WhiteElo "2000"]
[BlackElo "2307"]
[WhiteCountry "AHO"]
[BlackCountry "IRQ"]
[Result "0-1"]

1. e4 g6 2. d4 Bg7 3. Nc3 c6 4. f4 d5 5. e5 h5 6. Nf3 Bg4 7. Be2 e6 8. Ng5 Bxe2 
9. Nxe2 Ne7 10. Qd3 Nd7 11. O-O a6 12. Kh1 Rc8 13. Bd2 c5 14. c3 h4 
15. Rfd1 Nf5 16. Be1 Bh6 17. Bd2 Qb6 18. Rab1 Kf8 19. Nf3 Kg7 20. Rdc1 Rc6 
21. b3 Rhc8 22. g4 hxg3ep 23. hxg3 Kg8 24. Kg2 Bg7 25. g4 Ne7 26. Rh1 Qa5 
27. Ng5 Qxa2 28. Ra1 Qxb3 29. Rhb1 Qc4 30. Qxc4 dxc4 31. Rxb7 Rd8 32. Ne4 Nd5 
33. Nd6 Bf8 34. Nxc4 cxd4 35. Na5 Rcc8 36. Nxd4 Nc5 37. Rbb1 Ne4 38. Rd1 Nexc3 
0-1

[Event "34th Chess Olympiad (men)"]
[Site "Istanbul"]
[Date "2000.11.01"]
[Round "5.45.3"]
[White "Hussein, N.A."]
[Black "Wolf, Rudsel"]
[WhiteElo "2368"]
[BlackElo "2000"]
[WhiteCountry "IRQ"]
[BlackCountry "AHO"]
[Result "1-0"]

1. e4 d6 2. g3 Nf6 3. Bg2 g6 4. Ne2 Bg7 5. O-O O-O 6. d4 c6 7. h3 e5 8. c4 Qe7 
9. Nbc3 Nbd7 10. b3 exd4 11. Nxd4 Nc5 12. Re1 Be6 13. Bb2 Qc7 14. Rc1 Rad8 
15. Qc2 Nfd7 16. Red1 Nf6 17. Qb1 Qc8 18. Kh2 Qc7 19. b4 Na6 20. Nd5 cxd5 
21. cxd5 Qe7 22. dxe6 fxe6 23. a3 Nh5 24. Rc2 Rf7 25. Qa2 Re8 26. Bc1 Kh8 
27. Be3 Be5 28. Nf3 Bg7 29. Rcd2 Rd8 30. Ng5 Rf6 31. e5 Rf5 32. exd6 
1-0

[Event "34th Chess Olympiad (men)"]
[Site "Istanbul"]
[Date "2000.11.01"]
[Round "5.45.4"]
[White "Maduro, Sherman"]
[Black "Aziz, Ahmad"]
[WhiteElo "2230"]
[BlackElo "2323"]
[WhiteCountry "AHO"]
[BlackCountry "IRQ"]
[Result "0-1"]

1. e4 c5 2. Nf3 d6 3. d4 cxd4 4. Nxd4 Nf6 5. Nc3 Nc6 6. Be2 e5 7. Nb3 Be7 
8. Be3 a6 9. a4 O-O 10. O-O Be6 11. f3 Nb4 12. a5 d5 13. Bb6 Qc8 14. Bd3 d4 
15. Na4 Nd7 16. Qd2 Nxd3 17. cxd3 Bxb3 18. Rfc1 Qe8 19. Nc5 Nxc5 20. Rxc5 Bxc5 
21. Bxc5 Qb5 22. Bxf8 Rxf8 23. Rc1 Be6 
0-1

[Event "34th Chess Olympiad (men)"]
[Site "Istanbul"]
[Date "2000.11.01"]
[Round "5.46.1"]
[White "Al-Modiahki, Mohamad"]
[Black "Omolo, Keneth"]
[WhiteElo "2499"]
[BlackElo "2053"]
[WhiteCountry "QAT"]
[BlackCountry "KEN"]
[Result "1-0"]

1. e4 e6 2. d4 d5 3. Nc3 Bb4 4. e5 c5 5. Bd2 Ne7 6. dxc5 Bxc5 7. Qg4 Ng6 
8. Nf3 Nc6 9. Bd3 a6 10. O-O O-O 11. Qh5 Qe8 12. a3 Nce7 13. Rae1 Bd7 14. h4 f6 
15. exf6 gxf6 16. Qh6 Qf7 17. h5 Nh8 18. Be3 Bd6 19. Bf4 Bxf4 20. Qxf4 e5 
21. Qh4 Qg7 22. Re3 Nf7 23. Nxe5 Nxe5 24. Rg3 Ng4 25. f3 Qg5 26. Qxg5+ fxg5 
27. fxg4 Rxf1+ 28. Bxf1 h6 29. Rd3 Bxg4 30. Nxd5 Nxd5 31. Rxd5 Be6 32. Rd6 Kf7 
33. Rb6 Ra7 34. Bd3 a5 35. a4 Ke7 36. Kf2 Ra8 37. Rxb7+ Kd6 38. Rh7 Rf8+ 
39. Ke3 Rf6 40. Ra7 Bd5 41. Ra6+ Ke7 42. Rxf6 Kxf6 43. Be4 Bf7 44. Kd4 Bxh5 
45. b4 axb4 46. a5 
1-0

[Event "34th Chess Olympiad (men)"]
[Site "Istanbul"]
[Date "2000.11.01"]
[Round "5.46.2"]
[White "Magana, Ben"]
[Black "Al-Sayed, Mohammed"]
[WhiteElo "2000"]
[BlackElo "2370"]
[WhiteCountry "KEN"]
[BlackCountry "QAT"]
[Result "1/2-1/2"]

1. e4 c5 2. c3 d5 3. e5 Nc6 4. d4 Bf5 5. Bd3 Bxd3 6. Qxd3 Qb6 7. Nf3 e6 
8. a3 c4 9. Qc2 Nge7 10. Nh4 g6 11. Nd2 Nf5 12. Nxf5 gxf5 13. Nf3 Rg8 14. g3 h6 
15. Nh4 Na5 16. Be3 O-O-O 17. Ng2 Qc6 18. Nf4 Nb3 19. Rb1 b5 20. Nh5 a5 
21. Nf6 Rh8 22. Qe2 Bg7 23. Bf4 b4 24. axb4 axb4 25. O-O Bxf6 26. exf6 h5 
27. h4 Kd7 28. Qe3 Ra8 29. Bh6 bxc3 30. bxc3 Ra2 31. Qg5 Qc8 32. Qxh5 Rh7 
1/2-1/2

[Event "34th Chess Olympiad (men)"]
[Site "Istanbul"]
[Date "2000.11.01"]
[Round "5.46.3"]
[White "Abdulgha Four, Yousef"]
[Black "Kanegeni, Mathew"]
[WhiteElo "2052"]
[BlackElo "2000"]
[WhiteCountry "QAT"]
[BlackCountry "KEN"]
[Result "1-0"]

1. e4 c5 2. Nc3 Nc6 3. g3 g6 4. Bg2 Bg7 5. d3 e6 6. Be3 d6 7. f4 Nge7 
8. Nf3 O-O 9. O-O Rb8 10. Bf2 b5 11. d4 b4 12. Ne2 d5 13. e5 f6 14. c3 bxc3 
15. bxc3 Ba6 16. Re1 Rb2 17. Nc1 cxd4 18. cxd4 Nb4 19. Nb3 Rxf2 20. Kxf2 Nd3+ 
21. Kg1 fxe5 22. Nxe5 Bxe5 23. Rxe5 Nxe5 24. dxe5 Nf5 25. Qd2 Qb6+ 26. Qf2 Rc8 
27. Qxb6 axb6 28. Rc1 Rxc1+ 29. Nxc1 Kf7 30. Kf2 Nd4 31. Bf3 Nc6 32. Be2 Bxe2 
33. Kxe2 h6 34. Kf3 g5 35. Nd3 Kg6 36. h3 Na5 37. Nc1 Nc4 38. Nb3 gxf4 
39. gxf4 h5 40. Nd4 Kf7 41. Kg3 Ne3 42. Kh4 Nf5+ 43. Nxf5 exf5 44. Kg3 Ke6 
45. Kf3 d4 46. Ke2 b5 47. Kd3 Kd5 48. h4 
1-0

[Event "34th Chess Olympiad (men)"]
[Site "Istanbul"]
[Date "2000.11.01"]
[Round "5.46.4"]
[White "Mukabi, John"]
[Black "Nezad, Husein Aziz"]
[WhiteElo "2100"]
[BlackElo "2066"]
[WhiteCountry "KEN"]
[BlackCountry "QAT"]
[Result "0-1"]

1. e4 c6 2. d4 d5 3. exd5 cxd5 4. Bd3 Nc6 5. c3 Nf6 6. Nf3 Bg4 7. O-O Qc7 
8. Re1 e6 9. h3 Bh5 10. Bg5 Bd6 11. Nbd2 Bg6 12. Qc2 O-O 13. Bxg6 hxg6 
14. Qd3 Nh5 15. Nf1 Rab8 16. a4 a6 17. N1h2 Na5 18. Ng4 Nc4 19. b3 Na5 
20. Rab1 Rfc8 21. Bd2 Nf6 22. Nxf6+ gxf6 23. h4 Kg7 24. Re2 b5 25. axb5 axb5 
26. Qe3 Rh8 27. g3 b4 28. cxb4 Bxb4 29. Bc1 Rb5 30. Nh2 Bd6 31. Re1 Qb8 
32. Ng4 Rxb3 33. Rxb3 Qxb3 34. Bd2 Qxe3 35. Nxe3 Nb3 36. Bc3 Rc8 37. Bb2 Nd2 
38. Rd1 Nc4 39. Bc1 f5 40. Ng2 Ra8 41. Bf4 Bb4 42. Ne1 Nb2 43. Rc1 Bxe1 
44. Rxe1 Nd3 45. Be5+ f6 46. Re3 Ra1+ 47. Kh2 Nxf2 
0-1

[Event "34th Chess Olympiad (men)"]
[Site "Istanbul"]
[Date "2000.11.01"]
[Round "5.47.1"]
[White "Moussa, Alaa-Eddine"]
[Black "Nsubuga, Grace"]
[WhiteElo "2255"]
[BlackElo "2259"]
[WhiteCountry "PLE"]
[BlackCountry "UGA"]
[Result "1/2-1/2"]

1. d4 Nf6 2. c4 e6 3. Nf3 b6 4. g3 Ba6 5. b3 Bb4+ 6. Bd2 Be7 7. Bg2 c6 
8. Bc3 d5 9. Ne5 Nfd7 10. Nxd7 Nxd7 11. Nd2 Rc8 12. O-O O-O 13. e4 dxe4 
14. Bxe4 Nf6 15. Bg2 c5 16. Nf3 Bb7 17. dxc5 Bxc5 18. Qxd8 Rfxd8 19. Bxf6 gxf6 
20. Rfd1 Be4 21. Ne1 Bg6 22. Bb7 Rb8 23. Rxd8+ Rxd8 24. Nf3 Rd7 25. Bc6 Rd6 
26. Bb7 Ba3 27. h3 a5 28. Re1 Bb4 29. Rc1 h6 30. Kg2 Kf8 31. g4 Ke7 32. Ra1 Kd7 
33. Nh4 Bh7 34. Bf3 Bc2 35. a3 Bc3 36. Rc1 Rd2 37. Bd1 Rxd1 38. Rxc2 Rd3 
39. Nf3 Kc6 40. h4 Kc5 41. g5 fxg5 42. hxg5 hxg5 43. Nxg5 Bd4 44. Ne4+ Kc6 
45. Nd2 Rc3 46. Ra2 Rc1 47. Kf3 Ra1 48. Rxa1 Bxa1 49. Ke2 Bb2 50. a4 f5 
51. Kd3 Kc5 52. Nf1 Kb4 53. Kc2 Bd4 54. f3 Bf2 55. Nd2 Be3 56. Nb1 Bd4 
57. Nd2 Bc3 58. Nf1 Be1 59. Ne3 Bh4 60. Ng2 Bg5 61. Ne1 Kc5 62. Kd3 Bc1 
63. Kc3 Kd6 64. Nd3 Be3 65. b4 axb4+ 66. Kxb4 Kc6 67. Ne5+ Kd6 68. Nd3 Kc6 
69. Ne5+ Kd6 70. Nd3 
1/2-1/2

[Event "34th Chess Olympiad (men)"]
[Site "Istanbul"]
[Date "2000.11.01"]
[Round "5.47.2"]
[White "Opio, Steven"]
[Black "Kayle, Charles"]
[WhiteElo "2185"]
[BlackElo "2097"]
[WhiteCountry "UGA"]
[BlackCountry "PLE"]
[Result "1/2-1/2"]

1. d4 d5 2. c4 e6 3. Nc3 Nf6 4. Bg5 Be7 5. Qc2 O-O 6. e3 Na6 7. Nf3 c5 
8. a3 Qa5 9. Rc1 h6 10. Bh4 cxd4 
1/2-1/2

[Event "34th Chess Olympiad (men)"]
[Site "Istanbul"]
[Date "2000.11.01"]
[Round "5.47.3"]
[White "Asaad, Salah"]
[Black "Kakooza, Kenneth"]
[WhiteElo "2000"]
[BlackElo "2200"]
[WhiteCountry "PLE"]
[BlackCountry "UGA"]
[Result "1/2-1/2"]

1. e4 c5 2. Nf3 e6 3. Nc3 a6 4. a4 d6 5. Be2 b6 6. d4 cxd4 7. Nxd4 Bb7 
8. Be3 Nf6 9. f3 Nbd7 10. g4 h6 11. Qd2 Be7 12. O-O-O d5 13. h4 dxe4 
14. g5 exf3 15. Bxf3 Bxf3 16. Nxf3 Ng4 17. g6 Ndf6 18. Qe2 Qc8 19. gxf7+ Kxf7 
20. Bxb6 Re8 21. Ne5+ Nxe5 22. Qxe5 Qc6 23. Be3 Bb4 24. Rhg1 Bxc3 25. bxc3 Rac8 
26. Bd4 Rf8 27. Rdf1 Qd5 28. Rxf6+ gxf6 29. Qxf6+ Ke8 30. Qg6+ Kd7 31. Rd1 Kc6 
32. Bg1 Qf5 33. Qg2+ Qf3 34. Qg7 Qf4+ 35. Kb2 Rb8+ 36. Ka3 Rf7 37. Qg2+ Qf3 
38. Qd2 Rd8 39. Qxd8 Qxc3+ 40. Ka2 Qxc2+ 41. Ka1 Qc3+ 42. Ka2 Qc2+ 43. Ka1 Qc3+ 
44. Ka2 
1/2-1/2